[Event "Bethune op-A 25th"]
[Site "Bethune"]
[Date "2004.12.30"]
[Round "7"]
[White "Jouglet, Fabian"]
[Black "Guidez, Thomas"]
[Result "0-1"]
[WhiteElo "2017"]
[BlackElo "1881"]
[PlyCount "42"]
[EventDate "2004.12.26"]
[EventType "swiss"]
[EventRounds "7"]
[EventCountry "FRA"]
[SourceTitle "CBM 104 Extra"]
[Source "ChessBase"]
[SourceDate "2005.03.01"]
[SourceVersion "1"]
[SourceVersionDate "2005.03.01"]
[SourceQuality "1"]

1. e4 e6 2. d4 d5 3. Nc3 Bb4 4. e5 c5 5. a3 Bxc3+ 6. bxc3 Ne7 7. Qg4 Qc7 8. Qxg7 Rg8 9. Qxh7 cxd4 10. Ne2 Nbc6 11. f4 dxc3 12. Qd3 Bd7 13. Rb1 0-0-0 14. a4 Na5 15. Nxc3 Nc4 16. Nb5 Bxb5 17. axb5 Qc5 18. Qc3 Nf5 19. Bxc4 dxc4 20. Qf3 Nh4 21. Qf2 Rd1+ 0-1

[Event "Bethune op-A 25th"]
[Site "Bethune"]
[Date "2004.12.27"]
[Round "3"]
[White "Guidez, Thomas"]
[Black "Marciniak, Marcel"]
[Result "0-1"]
[WhiteElo "1881"]
[BlackElo "2075"]
[PlyCount "82"]
[EventDate "2004.12.26"]
[EventType "swiss"]
[EventRounds "7"]
[EventCountry "FRA"]
[SourceTitle "CBM 104 Extra"]
[Source "ChessBase"]
[SourceDate "2005.03.01"]
[SourceVersion "1"]
[SourceVersionDate "2005.03.01"]
[SourceQuality "1"]

1. d4 d5 2. Nf3 e6 3. Bf4 Nf6 4. e3 Bd6 5. Ne5 0-0 6. Bd3 c5 7. c3 Nc6 8. Bg3 Qc7 9. Nxc6 Qxc6 10. Nd2 Re8 11. Nf3 a6 12. Bxd6 Qxd6 13. Ne5 cxd4 14. exd4 b5 15. a3 Re7 16. 0-0 Bb7 17. Re1 Ne4 18. f3 Nf6 19. Qd2 Ne8 20. f4 Nf6 21. Re2 Ne4 22. Qe3 f6 23. Nf3 Qb6 24. Nd2 f5 25. Nb3 Rc8 26. Bxe4 dxe4 27. Nc5 a5 28. b4 Ra8 29. Ree1 Bd5 30. Qg3 Rea7 31. Rac1 axb4 32. axb4 Ra2 33. Rf1 e3 34. Nd7 Qd8 35. Rfe1 Rxg2+ 36. Qxg2 Bxg2 37. Nc5 Bd5 38. Rxe3 Ra2 39. Nxe6 Rg2+ 40. Kf1 Qh4 41. Rg3 Rxg3 0-1